[Event "Ponte de Lima op"]
[Site "Ponte de Lima"]
[Date "2024.04.12"]
[Round "6"]
[White "Perez Ruiz, Santiago"]
[Black "Kovchan, Alexander"]
[Result "0-1"]
[WhiteElo "1992"]
[BlackElo "2469"]
[PlyCount "48"]
[EventDate "2024.04.09"]
[EventType "swiss"]
[EventRounds "9"]
[EventCountry "POR"]
[SourceTitle "CB17_2024"]
[SourceDate "2024.04.24"]
[SourceVersion "1"]
[SourceVersionDate "2024.04.24"]
[SourceQuality "1"]

1. d4 Nf6 2. c4 g6 3. Nc3 d5 4. cxd5 Nxd5 5. e4 Nxc3 6. bxc3 Bg7 7. Be3 c5 8. Rc1 0-0 9. Qd2 Nd7 10. Bc4 Nb6 11. Be2 Na4 12. h4 Qa5 13. Bh6 Bxh6 14. Qxh6 Nxc3 15. Kf1 Nxe2 16. Rxc5 Qa4 17. Kxe2 Qxd4 18. Qe3 Qa1 19. h5 Rd8 20. Rd5 Be6 21. hxg6 Bxd5 22. exd5 hxg6 23. Qh6 Qg7 24. Qd2 Qe5+ 0-1

[Event "Ponte de Lima op"]
[Site "Ponte de Lima"]
[Date "2024.04.11"]
[Round "4"]
[White "Sidhant, Mohapatra"]
[Black "Kovchan, Alexander"]
[Result "1/2-1/2"]
[WhiteElo "2384"]
[BlackElo "2469"]
[PlyCount "36"]
[EventDate "2024.04.09"]
[EventType "swiss"]
[EventRounds "9"]
[EventCountry "POR"]
[SourceTitle "CB17_2024"]
[SourceDate "2024.04.24"]
[SourceVersion "1"]
[SourceVersionDate "2024.04.24"]
[SourceQuality "1"]

1. e4 c5 2. Nf3 d6 3. d4 cxd4 4. Nxd4 Nf6 5. Nc3 a6 6. h3 e6 7. g4 h6 8. Bg2 Be7 9. Be3 Nc6 10. Qe2 Nxd4 11. Bxd4 e5 12. Be3 b5 13. 0-0-0 b4 14. Nd5 Nxd5 15. exd5 0-0 16. Be4 Bg5 17. Rdg1 Bxe3+ 18. Qxe3 Qg5 1/2-1/2

[Event "Ponte de Lima op"]
[Site "Ponte de Lima"]
[Date "2024.04.10"]
[Round "3"]
[White "Kovchan, Alexander"]
[Black "Shyam, Nikil P"]
[Result "1/2-1/2"]
[WhiteElo "2469"]
[BlackElo "2390"]
[PlyCount "45"]
[EventDate "2024.04.09"]
[EventType "swiss"]
[EventRounds "9"]
[EventCountry "POR"]
[SourceTitle "CB17_2024"]
[SourceDate "2024.04.24"]
[SourceVersion "1"]
[SourceVersionDate "2024.04.24"]
[SourceQuality "1"]

1. e4 c5 2. Nf3 d6 3. d4 cxd4 4. Nxd4 Nf6 5. Nc3 a6 6. Nb3 g6 7. Be2 Bg7 8. Be3 Nc6 9. Nd5 0-0 10. Bb6 Qd7 11. f3 e6 12. Nxf6+ Bxf6 13. c3 Bh4+ 14. g3 Bd8 15. Be3 Be7 16. Qd2 Qc7 17. f4 b5 18. h4 Bb7 19. h5 Nd8 20. Bf3 e5 21. 0-0-0 b4 22. fxe5 bxc3 23. Qxc3 1/2-1/2

[Event "Vecindario Montalvo Memorial 16th"]
[Site "Vecindario"]
[Date "2024.03.31"]
[Round "9"]
[White "Fiorito, Fabian"]
[Black "Kovchan, Alexander"]
[Result "1-0"]
[WhiteElo "2251"]
[BlackElo "2477"]
[PlyCount "97"]
[EventDate "2024.03.23"]
[EventType "swiss"]
[EventRounds "9"]
[EventCountry "ESP"]
[SourceTitle "CB15_2024"]
[SourceDate "2024.04.10"]
[SourceVersion "1"]
[SourceVersionDate "2024.04.10"]
[SourceQuality "1"]

1. Nf3 Nf6 2. c4 g6 3. b3 Bg7 4. Bb2 0-0 5. g3 d6 6. Bg2 e5 7. d3 a5 8. a3 Na6 9. 0-0 Re8 10. Nbd2 Bd7 11. Qc2 c5 12. Ng5 Bc6 13. Nge4 Nh5 14. e3 Nc7 15. Rae1 f5 16. Nc3 Nf6 17. a4 Bxg2 18. Kxg2 Qd7 19. e4 f4 20. Nd5 Ncxd5 21. cxd5 g5 22. f3 g4 23. Nc4 Rad8 24. fxg4 Qxg4 25. Qe2 Qg6 26. Rf3 Nh5 27. Bc1 Bh6 28. g4 Kh8 29. h3 Ng3 30. Qd2 Bg5 31. Qxa5 h5 32. Qc7 hxg4 33. hxg4 Bh4 34. Rxg3 fxg3 35. Ne3 Rf8 36. Nf5 Rf7 37. Qxf7 Qxf7 38. Rh1 Qc7 39. Rxh4+ Kg8 40. Rh6 Rd7 41. Rg6+ Kf7 42. Re6 Qa5 43. g5 Kg8 44. g6 Qd8 45. Bg5 Qa8 46. Bf6 b5 47. Re7 Qf8 48. Rxd7 Qxf6 49. Rb7 1-0

[Event "Vecindario Montalvo Memorial 16th"]
[Site "Vecindario"]
[Date "2024.03.30"]
[Round "8"]
[White "Kovchan, Alexander"]
[Black "Tutisani, Noe"]
[Result "1/2-1/2"]
[WhiteElo "2477"]
[BlackElo "2405"]
[PlyCount "25"]
[EventDate "2024.03.23"]
[EventType "swiss"]
[EventRounds "9"]
[EventCountry "ESP"]
[SourceTitle "CB15_2024"]
[SourceDate "2024.04.10"]
[SourceVersion "1"]
[SourceVersionDate "2024.04.10"]
[SourceQuality "1"]

1. e4 e5 2. Nf3 Nc6 3. Bb5 a6 4. Ba4 Nf6 5. 0-0 b5 6. Bb3 Bc5 7. c3 d6 8. a4 Rb8 9. d4 Bb6 10. axb5 axb5 11. Na3 0-0 12. Nxb5 Bg4 13. Bc2 1/2-1/2

[Event "Novi Sad TS GM/IM Mix 189th"]
[Site "Novi Sad"]
[Date "2024.03.04"]
[Round "7"]
[White "Kovalev, Vladislav"]
[Black "Kovchan, Alexander"]
[Result "1/2-1/2"]
[WhiteElo "2579"]
[BlackElo "2482"]
[PlyCount "23"]
[EventDate "2024.02.29"]
[EventType "swiss"]
[EventRounds "9"]
[EventCountry "SRB"]
[SourceTitle "CB12_2024"]
[SourceDate "2023.10.01"]
[SourceVersion "1"]
[SourceVersionDate "2023.10.01"]
[SourceQuality "1"]

1. e4 c5 2. Nf3 d6 3. d4 cxd4 4. Nxd4 Nf6 5. f3 Nc6 6. Nc3 e5 7. Nb3 Be6 8. Nd5 Be7 9. c3 0-0 10. Be3 Bxd5 11. exd5 Na5 12. Be2 1/2-1/2

[Event "Novi Sad TS GM/IM Mix 189th"]
[Site "Novi Sad"]
[Date "2024.03.02"]
[Round "4"]
[White "Kovchan, Alexander"]
[Black "Katsanis, Vasileios Dimitrios"]
[Result "1-0"]
[WhiteElo "2482"]
[BlackElo "2100"]
[PlyCount "87"]
[EventDate "2024.02.29"]
[EventType "swiss"]
[EventRounds "9"]
[EventCountry "SRB"]
[SourceTitle "CB12_2024"]
[SourceDate "2023.10.01"]
[SourceVersion "1"]
[SourceVersionDate "2023.10.01"]
[SourceQuality "1"]

1. e4 c6 2. d4 d5 3. e5 Bf5 4. Nf3 e6 5. Be2 c5 6. c3 Nc6 7. 0-0 Bg4 8. Nbd2 cxd4 9. cxd4 a5 10. h3 Bh5 11. a3 Nge7 12. Qb3 Rb8 13. Rd1 Nc8 14. Nf1 Be7 15. Ng3 Bg6 16. Bf4 0-0 17. Rac1 N8a7 18. Qe3 h6 19. Bd3 Bxd3 20. Qxd3 Qb6 21. Qd2 Kh7 22. Nh5 Rg8 23. Nh2 g6 24. Nf6+ Bxf6 25. exf6 Rbc8 26. Ng4 g5 27. Qd3+ Rg6 28. Be3 Qb5 29. Qd2 Rcg8 30. Rc5 Qa6 31. Rdc1 h5 32. Ne5 Rxf6 33. Bxg5 Rf5 34. Bh4 Nxe5 35. dxe5 Nc6 36. f4 Qb6 37. Kh2 Qb3 38. Re1 Qa4 39. Bg5 Nxe5 40. Rc7 Nc6 41. Rxe6 Rg6 42. Qd3 Nd4 43. Rxg6 Kxg6 44. g4 1-0

[Event "Groningen op 59th"]
[Site "Groningen"]
[Date "2023.12.21"]
[Round "1"]
[White "Kovchan, Alexander"]
[Black "Labruyere, Roger"]
[Result "1/2-1/2"]
[WhiteElo "2491"]
[BlackElo "2208"]
[PlyCount "80"]
[EventDate "2023.12.21"]
[EventType "swiss"]
[EventRounds "9"]
[EventCountry "NED"]
[SourceTitle "CB04_2024"]
[SourceDate "2023.10.16"]
[SourceVersion "1"]
[SourceVersionDate "2023.10.16"]
[SourceQuality "1"]

1. e4 c5 2. Nf3 d6 3. d4 cxd4 4. Nxd4 Nf6 5. Nc3 a6 6. g3 e5 7. Nde2 Be7 8. Bg2 0-0 9. 0-0 b5 10. a4 Bb7 11. Nd5 Nxd5 12. exd5 Nd7 13. Bd2 Nc5 14. a5 f5 15. Bb4 Rc8 16. Qd2 Bf6 17. Nc3 g6 18. Rae1 Qd7 19. Kh1 Qg7 20. Nd1 h5 21. f3 Qf7 22. Nc3 Qh7 23. h3 Kh8 24. Kg1 Rg8 25. Qf2 Qg7 26. Rd1 Qe7 27. f4 Nd7 28. Na2 e4 29. h4 Rc7 30. Rfe1 Rgc8 31. Re2 Bg7 32. Ba3 Nf6 33. Nb4 Qf7 34. Red2 Rc5 35. c3 Nxd5 36. Nxd5 Rxd5 37. Bxd6 Rxd2 38. Rxd2 Qe6 39. Bc5 Kh7 40. Qe3 Qc6 1/2-1/2

[Event "London GM-B"]
[Site "London"]
[Date "2023.12.05"]
[Round "1"]
[White "Kovchan, Alexander"]
[Black "Badacsonyi, Stanley"]
[Result "1-0"]
[WhiteElo "2491"]
[BlackElo "2054"]
[PlyCount "85"]
[EventDate "2023.12.05"]
[EventType "tourn"]
[EventRounds "9"]
[EventCountry "ENG"]
[EventCategory "5"]
[SourceTitle "CB50_2023"]
[SourceDate "2023.12.13"]
[SourceVersion "1"]
[SourceVersionDate "2023.12.13"]
[SourceQuality "1"]

1. e4 e6 2. d4 d5 3. Nd2 Nf6 4. e5 Nfd7 5. c3 c5 6. Bd3 Nc6 7. Ne2 cxd4 8. cxd4 f6 9. exf6 Nxf6 10. Nf3 Bd6 11. 0-0 0-0 12. Bf4 Bxf4 13. Nxf4 Ne4 14. Ne2 Bd7 15. Rc1 Be8 16. Ne5 Nd6 17. Qd2 Nxe5 18. dxe5 Nf7 19. Qb4 Bc6 20. f4 Qb6+ 21. Qxb6 axb6 22. Nd4 Nd8 23. a3 Ra4 24. Ne2 g6 25. g3 Kf7 26. Rc3 Ke7 27. Rb3 g5 28. Rxb6 gxf4 29. Nxf4 Rf7 30. Rb4 Ra5 31. Re1 Rg7 32. Ne2 Bd7 33. Rh4 Nf7 34. Nd4 Ra4 35. Kg2 Rg5 36. Bc2 Rc4 37. Bb3 Rc5 38. Rxh7 Rg4 39. Rf1 Be8 40. Rf4 Rxf4 41. gxf4 Rc1 42. Bc2 b6 43. Kf2 1-0

[Event "London Mindsports op"]
[Site "London"]
[Date "2023.09.13"]
[Round "1"]
[White "O'Gorman, Tom"]
[Black "Kovchan, Alexander"]
[Result "1/2-1/2"]
[WhiteElo "2313"]
[BlackElo "2480"]
[PlyCount "86"]
[EventDate "2023.09.13"]
[EventType "swiss"]
[EventRounds "9"]
[EventCountry "ENG"]
[SourceTitle "EXT 2024"]
[Source "ChessBase"]
[SourceDate "2023.10.10"]
[SourceVersion "1"]
[SourceVersionDate "2023.10.10"]
[SourceQuality "1"]

1. e4 c5 2. Nf3 d6 3. d4 cxd4 4. Nxd4 Nf6 5. Nc3 a6 6. g3 e6 7. Bg2 Qc7 8. 0-0 Be7 9. Be3 0-0 10. g4 Nfd7 11. g5 Ne5 12. a4 Nbc6 13. Qe2 Nb4 14. Rad1 Re8 15. Kh1 Bf8 16. Bc1 Ng6 17. Qg4 e5 18. Nf5 Be6 19. Qg3 d5 20. Ne3 dxe4 21. Bxe4 Rad8 22. Qf3 Nf4 23. Ng2 Nxg2 24. Kxg2 Nc6 25. Nd5 Bxd5 26. Bxd5 e4 27. Bxe4 Nd4 28. Qg4 Nxc2 29. Rxd8 Rxd8 30. Qh3 g6 31. Qc3 Rc8 32. Qxc7 Rxc7 33. Bf4 Rc4 34. f3 Nd4 35. Bxb7 Rxa4 36. Rd1 Ne6 37. Be3 Be7 38. Rd7 Bxg5 39. Bxg5 Nxg5 40. Bd5 Ne6 41. Kg3 h5 42. Bxe6 fxe6 43. Re7 Rb4 1/2-1/2

[Event "San Cristobal op 5th"]
[Site "San Cristobal de La Laguna"]
[Date "2023.09.01"]
[Round "8"]
[White "Grieve, Harry"]
[Black "Kovchan, Alexander"]
[Result "1/2-1/2"]
[WhiteElo "2449"]
[BlackElo "2471"]
[PlyCount "58"]
[EventDate "2023.08.26"]
[EventType "swiss"]
[EventRounds "9"]
[EventCountry "ESP"]
[SourceTitle "EXT 2024"]
[Source "ChessBase"]
[SourceDate "2023.10.10"]
[SourceVersion "1"]
[SourceVersionDate "2023.10.10"]
[SourceQuality "1"]

1. e4 c5 2. Nf3 d6 3. d4 cxd4 4. Nxd4 Nf6 5. Nc3 a6 6. Bg5 e6 7. f4 h6 8. Bh4 Qb6 9. a3 Nc6 10. Bf2 Qc7 11. Qf3 e5 12. Nxc6 bxc6 13. fxe5 Ng4 14. Bg3 Nxe5 15. Bxe5 dxe5 16. Bc4 Bc5 17. 0-0-0 0-0 18. Rhf1 Qe7 19. h3 Rb8 20. Na4 Bd4 21. c3 Be6 22. Bxe6 fxe6 23. Qg3 Rxf1 24. Rxf1 Qb7 25. cxd4 Qb5 26. Rf3 Qxa4 27. Qxe5 Qc4+ 28. Kb1 Rb5 29. Qd6 Kh7 1/2-1/2

[Event "Sitges op 47th"]
[Site "Sitges"]
[Date "2023.07.23"]
[Round "2"]
[White "Kovchan, Alexander"]
[Black "Buchenau, Frank"]
[Result "1-0"]
[WhiteElo "2468"]
[BlackElo "2222"]
[PlyCount "63"]
[EventDate "2023.07.22"]
[EventType "swiss"]
[EventRounds "9"]
[EventCountry "ESP"]
[SourceTitle "CBM 215 Extra"]
[Source "ChessBase"]
[SourceDate "2023.09.30"]
[SourceVersion "1"]
[SourceVersionDate "2023.09.30"]
[SourceQuality "1"]

1. Nf3 Nf6 2. c4 b6 3. g3 Bb7 4. Bg2 c5 5. 0-0 g6 6. Nc3 Bg7 7. d4 cxd4 8. Qxd4 Na6 9. Rd1 Nc5 10. Bh3 d6 11. b4 Na4 12. Nxa4 Nh5 13. Qd3 Bxa1 14. Nc3 0-0 15. Bh6 Bxc3 16. Qxc3 Re8 17. g4 Nf6 18. g5 Nh5 19. Ne5 Qc7 20. Ng4 Qc6 21. Rd5 Qa4 22. Rd2 a5 23. Bf8 e5 24. Bxd6 Rad8 25. Nh6+ Kg7 26. Bxe5+ Kf8 27. Bd6+ Rxd6 28. Qh8+ Ke7 29. Qe5+ Kf8 30. Qxd6+ Kg7 31. Qd4+ Kf8 32. Bd7 1-0

[Event "Sitges op 47th"]
[Site "Sitges"]
[Date "2023.07.22"]
[Round "1"]
[White "Chidvilash, Sai Surapaneni"]
[Black "Kovchan, Alexander"]
[Result "0-1"]
[WhiteElo "2030"]
[BlackElo "2468"]
[PlyCount "50"]
[EventDate "2023.07.22"]
[EventType "swiss"]
[EventRounds "9"]
[EventCountry "ESP"]
[SourceTitle "CBM 215 Extra"]
[Source "ChessBase"]
[SourceDate "2023.09.30"]
[SourceVersion "1"]
[SourceVersionDate "2023.09.30"]
[SourceQuality "1"]

1. c4 e5 2. Nc3 Nf6 3. Nf3 Nc6 4. e4 Bb4 5. d3 d6 6. a3 Bxc3+ 7. bxc3 Nd7 8. Be2 Nc5 9. 0-0 0-0 10. Ne1 f5 11. exf5 Bxf5 12. Nc2 e4 13. d4 Nd3 14. f4 Bg6 15. g4 Na5 16. f5 Bf7 17. Bxd3 exd3 18. Ne3 Nxc4 19. Qxd3 Qh4 20. Rf3 Rae8 21. Rg3 b5 22. d5 Re5 23. Nxc4 Re1+ 24. Kg2 bxc4 25. Qxc4 Rfe8 0-1

[Event "Barbera del Valles op 45th"]
[Site "Barbera del Valles"]
[Date "2023.07.12"]
[Round "9"]
[White "Janzelj, Tim"]
[Black "Kovchan, Alexander"]
[Result "0-1"]
[WhiteElo "2453"]
[BlackElo "2468"]
[PlyCount "56"]
[EventDate "2023.07.04"]
[EventType "swiss"]
[EventRounds "9"]
[EventCountry "ESP"]
[SourceTitle "CBM 215 Extra"]
[Source "ChessBase"]
[SourceDate "2023.09.30"]
[SourceVersion "1"]
[SourceVersionDate "2023.09.30"]
[SourceQuality "1"]

1. Nf3 Nf6 2. g3 d5 3. Bg2 c6 4. b3 Bg4 5. Bb2 Nbd7 6. 0-0 e6 7. d3 Bxf3 8. Bxf3 Bd6 9. Nd2 h5 10. e4 h4 11. exd5 cxd5 12. c4 hxg3 13. hxg3 Ne5 14. cxd5 Nxd3 15. Bd4 Be5 16. Bxe5 Nxe5 17. Bg2 Nxd5 18. Nc4 Nc3 19. Qc2 Qd3 20. Qxd3 Nxd3 21. Bxb7 Rb8 22. Bf3 g5 23. Kg2 f5 24. Bc6+ Ke7 25. f4 gxf4 26. Rf3 Rbd8 27. Raf1 Ne2 28. Rd1 fxg3 0-1

[Event "Barbera del Valles op 45th"]
[Site "Barbera del Valles"]
[Date "2023.07.07"]
[Round "4"]
[White "Dotzer, Lukas"]
[Black "Kovchan, Alexander"]
[Result "1-0"]
[WhiteElo "2369"]
[BlackElo "2468"]
[PlyCount "73"]
[EventDate "2023.07.04"]
[EventType "swiss"]
[EventRounds "9"]
[EventCountry "ESP"]
[SourceTitle "CBM 215 Extra"]
[Source "ChessBase"]
[SourceDate "2023.09.30"]
[SourceVersion "1"]
[SourceVersionDate "2023.09.30"]
[SourceQuality "1"]

1. e4 c5 2. Nf3 d6 3. d4 cxd4 4. Nxd4 Nf6 5. Nc3 a6 6. Bg5 e6 7. f4 h6 8. Bh4 Qb6 9. a3 Nc6 10. Bf2 Qc7 11. Qf3 e5 12. Nxc6 bxc6 13. fxe5 Ng4 14. 0-0-0 Nxe5 15. Qg3 Be6 16. Ne2 g6 17. Nd4 Bg4 18. Nf3 h5 19. Be3 Bg7 20. h3 h4 21. Qf2 Rb8 22. Bd4 Bxf3 23. gxf3 c5 24. Bc3 0-0 25. Rg1 Rfe8 26. f4 Nd7 27. e5 dxe5 28. f5 Nf8 29. fxg6 Nxg6 30. Bc4 Rb6 31. Ba5 Nf4 32. Bxb6 Qxb6 33. Bxf7+ Kxf7 34. Rd7+ Kf8 35. Rgxg7 Re6 36. Rdf7+ Ke8 37. Rb7 1-0

[Event "Barbera del Valles op 45th"]
[Site "Barbera del Valles"]
[Date "2023.07.04"]
[Round "1"]
[White "Kovchan, Alexander"]
[Black "Fernandez Climent, Albert"]
[Result "1/2-1/2"]
[WhiteElo "2468"]
[BlackElo "2079"]
[PlyCount "132"]
[EventDate "2023.07.04"]
[EventType "swiss"]
[EventRounds "9"]
[EventCountry "ESP"]
[SourceTitle "CBM 215 Extra"]
[Source "ChessBase"]
[SourceDate "2023.09.30"]
[SourceVersion "1"]
[SourceVersionDate "2023.09.30"]
[SourceQuality "1"]

1. e4 e6 2. d4 d5 3. Nd2 Be7 4. Ngf3 Nf6 5. e5 Nfd7 6. Bd3 c5 7. c3 Nc6 8. 0-0 g5 9. dxc5 g4 10. Nd4 Ndxe5 11. Bb5 Bd7 12. Bxc6 bxc6 13. f4 Ng6 14. N2b3 f5 15. Qe2 Kf7 16. c4 Re8 17. Bd2 Bf6 18. Qd3 Qc8 19. Bc3 Qa6 20. Nd2 Ne7 21. Rae1 Ng8 22. Re3 Rad8 23. b4 Qc8 24. Rfe1 Bg7 25. Qc2 Nf6 26. Qb2 Kg6 27. N4b3 Qa6 28. Be5 Bh8 29. Nc1 Bc8 30. Ra3 Qb7 31. Nd3 h5 32. Bd4 Qc7 33. Ne5+ Kh7 34. b5 dxc4 35. b6 axb6 36. cxb6 Qd6 37. Ra7+ Kg8 38. Be3 c3 39. Qxc3 Nd5 40. Ndc4 Nxc3 41. Nxd6 Rxd6 42. b7 Bxb7 43. Rxb7 Bxe5 44. fxe5 Rd5 45. Bh6 Rd4 46. Rg7+ Kh8 47. Rc7 Rc4 48. a3 Nd5 49. Rb7 Ra8 50. Ra1 Rca4 51. Bc1 c5 52. Rab1 c4 53. Kf2 R4a7 54. g3 Kg8 55. Ke1 Kf8 56. Kd2 Ke8 57. Kc2 Kd8 58. Rxa7 Rxa7 59. Rb8+ Kc7 60. Rh8 Kc6 61. Rxh5 Kc5 62. Rh6 Ra6 63. h3 gxh3 64. Rxh3 Kd4 65. Rh4+ Kxe5 66. Rxc4 Kd6 1/2-1/2

[Event "Berlin Teschner Memorial"]
[Site "Berlin"]
[Date "2023.05.21"]
[Round "7"]
[White "Kovchan, Alexander"]
[Black "Langheinrich, Ferenc"]
[Result "0-1"]
[WhiteElo "2459"]
[BlackElo "2371"]
[PlyCount "100"]
[EventDate "2023.05.18"]
[EventType "swiss"]
[EventRounds "7"]
[EventCountry "GER"]
[SourceTitle "CBM 214 Extra"]
[Source "ChessBase"]
[SourceDate "2023.07.31"]
[SourceVersion "1"]
[SourceVersionDate "2023.07.31"]
[SourceQuality "1"]

1. e4 g6 2. d4 Bg7 3. Nc3 d6 4. f4 Nc6 5. Be3 e6 6. Nf3 d5 7. e5 Nge7 8. Bf2 h5 9. Bh4 Qd7 10. Qd2 Nf5 11. Bg5 b6 12. a3 a5 13. Bb5 Ba6 14. Ba4 Rb8 15. Nd1 b5 16. Bb3 a4 17. Ba2 b4 18. Bb1 Na5 19. axb4 Nc4 20. Qf2 Rxb4 21. c3 Rb6 22. Bc2 Bb5 23. h3 Qc6 24. 0-0 Kd7 25. Re1 Qb7 26. g4 hxg4 27. hxg4 Nh6 28. Qg3 Ng8 29. f5 gxf5 30. gxf5 Nh6 31. f6 Bf8 32. Qf4 Bc6 33. Re2 Nxb2 34. Rh2 Nxd1 35. Rxd1 Rb2 36. Bxh6 Rxc2 37. Rxc2 Bxh6 38. Qg4 Be3+ 39. Kf1 Bb5+ 40. c4 Bxc4+ 41. Rxc4 Qb5 42. Ke2 Bh6 43. Kf2 Qxc4 44. Ne1 a3 45. Qe2 a2 46. Qxc4 dxc4 47. Nc2 Rb8 48. Na1 Rb2+ 49. Kf3 c3 50. d5 c2 0-1

[Event "Berlin Teschner Memorial"]
[Site "Berlin"]
[Date "2023.05.19"]
[Round "4"]
[White "Kovchan, Alexander"]
[Black "Flood, Yosime"]
[Result "1-0"]
[WhiteElo "2459"]
[BlackElo "1780"]
[PlyCount "78"]
[EventDate "2023.05.18"]
[EventType "swiss"]
[EventRounds "7"]
[EventCountry "GER"]
[SourceTitle "CBM 214 Extra"]
[Source "ChessBase"]
[SourceDate "2023.07.31"]
[SourceVersion "1"]
[SourceVersionDate "2023.07.31"]
[SourceQuality "1"]

1. e4 c5 2. Nf3 d6 3. d4 cxd4 4. Nxd4 Nf6 5. Nc3 a6 6. g3 e5 7. Nde2 Be7 8. a4 Nc6 9. Bg2 Nb4 10. Bg5 Be6 11. Qd2 Rc8 12. 0-0 0-0 13. Rfd1 h6 14. Bxf6 Bxf6 15. h4 Be7 16. Nc1 Qc7 17. Nd3 Nc6 18. Rac1 Qb6 19. Re1 Kh8 20. Nd1 f5 21. exf5 Bxf5 22. Ne3 Be6 23. Nd5 Bxd5 24. Bxd5 Qd4 25. c4 a5 26. Re4 Qa7 27. Kg2 Rf6 28. c5 Nb4 29. Nxb4 axb4 30. cxd6 Rxc1 31. dxe7 Rc8 32. Rxe5 Re8 33. Bc4 b6 34. Bb5 Qb7+ 35. Kg1 Qc7 36. Qe3 Rc6 37. Bxc6 Qxc6 38. b3 Qd6 39. Re6 Qc5 1-0

[Event "Berlin Teschner Memorial"]
[Site "Berlin"]
[Date "2023.05.19"]
[Round "3"]
[White "Solberg, Joachim Krokvik"]
[Black "Kovchan, Alexander"]
[Result "1/2-1/2"]
[WhiteElo "2158"]
[BlackElo "2459"]
[PlyCount "94"]
[EventDate "2023.05.18"]
[EventType "swiss"]
[EventRounds "7"]
[EventCountry "GER"]
[SourceTitle "CBM 214 Extra"]
[Source "ChessBase"]
[SourceDate "2023.07.31"]
[SourceVersion "1"]
[SourceVersionDate "2023.07.31"]
[SourceQuality "1"]

1. Nf3 d5 2. d4 Nf6 3. c4 dxc4 4. e3 e6 5. Bxc4 a6 6. a4 c5 7. 0-0 Nc6 8. Qe2 Be7 9. Rd1 0-0 10. Nc3 Qc7 11. d5 exd5 12. Nxd5 Nxd5 13. Bxd5 Bg4 14. Bd2 Rad8 15. Qc4 Bxf3 16. Bxf3 Ne5 17. Qe4 Nxf3+ 18. Qxf3 b5 19. axb5 axb5 20. Rac1 c4 21. Bc3 Rxd1+ 22. Rxd1 b4 23. Bd4 Rc8 24. Rc1 Qd7 25. g3 Bf8 26. Qe4 Qb5 27. Qg4 Qc6 28. h4 h6 29. h5 Qa6 30. Qe2 Qe6 31. Kh2 Be7 32. Kg2 Bf8 33. Kh2 Qd5 34. Qg4 Re8 35. Kg1 Re6 36. Ra1 Re8 37. Rc1 Ra8 38. Qe2 Rc8 39. Qg4 Rc6 40. Qe2 Rc8 41. Qg4 Rc7 42. Qe2 Rc6 43. Kh2 Rc8 44. Kg1 Rc6 45. Kh2 Rc8 46. Kg1 Rc6 47. Kh2 Rc8 1/2-1/2